Top 50 Baby Boy Names Beginning with A - Statistics

General Stats
  • This quiz has been taken 1,452 times
  • The average score is 23 of 50
Answer Stats
Hint Answer % Correct
20 Alex
89%
30 Andre
88%
1 Alexander
85%
5 Andrew
84%
22 Alan
81%
40 Allen
81%
7 Aaron
79%
11 Adam
78%
29 Aidan
75%
2 Aiden
75%
13 Ayden
75%
4 Anthony
74%
17 Arthur
70%
36 Andy
67%
49 Albert
66%
14 Ashton
60%
3 Asher
58%
8 Axel
58%
6 Adrian
56%
10 Austin
55%
33 Ali
53%
19 Abel
52%
18 Antonio
52%
41 Archie
51%
24 Avery
48%
35 Ari
45%
15 August
44%
9 Angel
38%
23 Alejandro
37%
43 Alexis
36%
27 Arlo
35%
16 Archer
34%
32 Angelo
32%
26 Andres
27%
45 Augustus
26%
12 Amir
24%
31 Atticus
24%
46 Armando
20%
50 Abram
19%
38 Apollo
17%
21 Atlas
16%
28 Adonis
15%
47 Asa
15%
42 Alonzo
13%
25 Amari
12%
34 Armani
9%
39 Ayaan
5%
37 Alijah
4%
44 Aziel
4%
48 Abdiel
3%
No matching quizzes found
Score Distribution
Percent of People with Each Score
Percentile by Number Answered
Your Score History
You have not taken this quiz